00369nam a22001457a 4500003000400000008004100004020001800045082001200063100001600075245006400091250001100155260003900166300000900205650000900214OSt230915b |||||||| |||| 00| 0 eng d a9789391098216 a510 BHE aBHARGAVA,ML aElements of Mathematical Foundations for Computer Science-1 a1st Ed aNew DelhibJeevansons Publications aMISC aMath